|
|
|
|
| LEADER |
02200nam a2200577 4500 |
| 001 |
ocn893974586 |
| 003 |
OCoLC |
| 005 |
20170124072216.7 |
| 006 |
m o d |
| 007 |
cr cnu|||unuuu |
| 008 |
141027s2015 nju o 000 0 eng |
| 010 |
|
|
|a 2014042477
|
| 040 |
|
|
|a DLC
|b eng
|e rda
|e pn
|c DLC
|d OCLCF
|d N$T
|d EBLCP
|d E7B
|d DEBSZ
|d IDEBK
|d YDXCP
|d OCLCQ
|d DG1
|d COO
|d OCLCO
|d N$T
|d DEBBG
|d KSU
|d GrThAP
|
| 019 |
|
|
|a 907942742
|
| 020 |
|
|
|a 9781119209737
|q electronic bk.
|
| 020 |
|
|
|a 1119209730
|q electronic bk.
|
| 020 |
|
|
|z 9781118818923
|q electronic bk.
|
| 020 |
|
|
|z 111881892X
|q electronic bk.
|
| 020 |
|
|
|z 9781118818985
|q electronic bk.
|
| 020 |
|
|
|z 1118818989
|q electronic bk.
|
| 020 |
|
|
|z 9781118818978
|q electronic bk.
|
| 020 |
|
|
|a 1118818970
|q electronic bk.
|
| 020 |
|
|
|a 9781118818978
|q electronic bk.
|
| 020 |
|
|
|a 9781118818923
|q electronic bk.
|
| 020 |
|
|
|a 111881892X
|q electronic bk.
|
| 029 |
1 |
|
|a DEBSZ
|b 431873526
|
| 029 |
1 |
|
|a DEBBG
|b BV043397238
|
| 035 |
|
|
|a (OCoLC)893974586
|z (OCoLC)907942742
|
| 037 |
|
|
|a 770034
|b MIL
|
| 050 |
0 |
0 |
|a HG4529
|
| 072 |
|
7 |
|a BUS
|x 027000
|2 bisacsh
|
| 082 |
0 |
0 |
|a 332.63/2042
|2 23
|
| 049 |
|
|
|a MAIN
|
| 100 |
1 |
|
|a Kase, Cynthia A.,
|e author.
|
| 245 |
1 |
0 |
|a Kase on technical analysis workbook + video course :
|b trading and forecasting /
|c Cynthia A. Kase.
|
| 264 |
|
1 |
|a Hoboken, NJ :
|b John Wiley & Sons, Inc.,
|c [2015]
|
| 264 |
|
4 |
|c ©2015
|
| 300 |
|
|
|a 1 online resource.
|
| 336 |
|
|
|a text
|b txt
|2 rdacontent
|
| 337 |
|
|
|a computer
|b c
|2 rdamedia
|
| 338 |
|
|
|a online resource
|b cr
|2 rdacarrier
|
| 490 |
1 |
|
|a Bloomberg financial series
|
| 588 |
0 |
|
|a Print version record.
|
| 650 |
|
0 |
|a Technical analysis (Investment analysis)
|
| 650 |
|
7 |
|a BUSINESS & ECONOMICS
|x Finance.
|2 bisacsh
|
| 650 |
|
7 |
|a Technical analysis (Investment analysis)
|2 fast
|0 (OCoLC)fst01747072
|
| 655 |
|
4 |
|a Electronic books.
|
| 776 |
0 |
8 |
|i Print version:
|a Kase, Cynthia A.
|t Kase on technical analysis workbook + video course.
|d Hoboken, New Jersey : John Wiley & Sons, Inc., [2015]
|z 9781118818978
|w (DLC) 2014040829
|
| 830 |
|
0 |
|a Bloomberg financial series.
|
| 856 |
4 |
0 |
|u https://doi.org/10.1002/9781119209737
|z Full Text via HEAL-Link
|
| 994 |
|
|
|a 92
|b DG1
|